World Cup 2006 Teams - Statistics

General Stats
  • This quiz has been taken 74 times
  • The average score is 22 of 32
Answer Stats
Answer % Correct
Germany
92%
England
89%
France
89%
Argentina
87%
Mexico
85%
Italy
84%
USA
84%
Spain
82%
Japan
80%
Portugal
80%
South Korea
77%
Netherlands
74%
Australia
72%
Paraguay
72%
Ecuador
70%
Iran
69%
Ghana
66%
Serbia
66%
Sweden
66%
Sweden
66%
Costa Rica
64%
Poland
64%
Saudi Arabia
64%
Switzerland
62%
Croatia
61%
Ivory Coast
61%
Ukraine
57%
Tunisia
56%
Trinidad and Tobago
54%
Czech Republic
52%
Togo
48%
Angola
44%
No matching quizzes found
Score Distribution
Percent of People with Each Score
Percentile by Number Answered
Your Score History
You have not taken this quiz